| 000 | 00424 a2200157 4500 | ||
|---|---|---|---|
| 005 | 20250623061303.0 | ||
| 020 | _a978-0-07-229547-3 | ||
| 082 | _a519.5 SAN | ||
| 100 | _aSANDERS, D.H. | ||
| 245 | _aStatistics: A First Course | ||
| 250 | _a6th Ed. | ||
| 260 |
_aNewYork, _bMcGraw-Hill Companies, _c2000 |
||
| 300 |
_axi,664p.:ill.;figures, tables _bAppendix and Index _c27cm |
||
| 700 | _aSmidt, Robert K. | ||
| 942 |
_2ddc _cBKS |
||
| 999 |
_c4569 _d4569 |
||